Программирование на C и C+

Detalles Bibliográficos
Autor Principal: Дворжецкий А. Александр
Summary:Исключено из фонда НТБ ТПУ
Idioma:ruso
Publicado: Москва, Познавательная книга, 2000
Series:Карманный атрибут компьютерщика
Formato: Libro
KOHA link:https://koha.lib.tpu.ru/cgi-bin/koha/opac-detail.pl?biblionumber=27578

MARC

LEADER 00000nam0a2200000 4500
001 27578
005 20231030202226.0
010 |a 5832101065 
035 |a (RuTPU)RU\TPU\book\27830 
035 |a BOOK00027905 
090 |a 27578 
100 |a 20011209d2000 m y0rusy50 ca 
101 0 |a rus 
102 |a RU 
105 |a a z 000zy 
200 1 |a Программирование на C и C+  |f А. Дворжецкий 
210 |a Москва  |c Познавательная книга  |d 2000 
215 |a 416 с. 
225 1 |a Карманный атрибут компьютерщика 
333 |a Исключено из фонда НТБ ТПУ 
700 1 |a Дворжецкий  |b А.  |g Александр 
801 0 |a RU  |b 63413507  |c 20011209  |g PSBO 
801 2 |a RU  |b 63413507  |c 20220615  |g PSBO 
942 |c BK